000 00826nam a2200253Ia 4500
003 OSt
005 20221005113042.0
006 a|||||r|||| 00| 0
007 ta
008 221004b |||||||| |||| 00| 0 pan d
020 _a81876542066 (hbk)
_c290
024 _a11583
037 _b818, 13/03/2014, H.K. Prakashan
_cTextual
040 _aCRL
_cCRL
_bpan
041 _2pan
_apan
082 _aO153,1NDEEx, Q3
100 _aਇਕਬਾਲ ਦੀਪ
245 0 _aਰਖ਼ਤਾ ਰਖ਼ਤਾ
260 _aਦਿੱਲੀ
_bਮਨਪ੍ਰੀਤ ਪਕਾFਨ ਭਾਰਤ
_c2013
300 _a140ਪੰ
_ccm.
650 _aਪੰਜਾਬੀ ਸਾਹਿਤ
942 _hO153,1NDEEx, Q3
_cTEXL
_2cc
999 _c1026891
_d1026891